Leaders of the New Democratic Party - Statistics

General Stats
  • This quiz has been taken 39 times
  • The average score is 5 of 8
Answer Stats
Hint Answer % Correct
2017- Jagmeet Singh
96%
2012-2017 Tom Mulcair
88%
2003-2011 Jack Layton
83%
1975-1989 Ed Broadbent
63%
1989-1995 Audrey McLaughlin
58%
1961-1971 Tommy Douglas
58%
1995-2003 Alexa McDonough
50%
1971-1975 David Lewis
38%
No matching quizzes found
Score Distribution
Percent of People with Each Score
Percentile by Number Answered
Your Score History
You have not taken this quiz